000 00726nam a22003010a 4500
001 PT39891
003 AR-LpoUNG
005 20250130113433.0
008 191001s1992||||ec |||||||||||||||||spa d
020 _a9789978325087
_c$5
040 _aAR-LpoUNG
_bspa
_cAR-LpoUNG
_eaacr
041 0 _aspa
044 _aec
082 0 _a410 56art
100 1 _aEncalada Vázquez, Oswaldo
245 1 0 _aArtrología
250 _a1ra. ed.
260 _aCuenca :
_bUniversidad del Azuay,
_c[1992].
300 _a224 p. :
_btbls.
650 4 _aANALISIS DE GENERO
650 4 _aCOMUNICACION
650 4 _aCULTURA
650 4 _aHISTORIA
650 4 _aLENGUAJE
650 4 _aLINGUISTICA
905 _a39891
942 _cLIB
_2ddc
999 _c5500
_d5500